000 00949nam a22003137a 4500
003 CHAP
005 20220817041921.0
008 971013s1972 r 00010 d
010 _a28660
011 _a29632
035 _a33743
040 _cCHAP
082 _a636.082
_bL38 1972
100 0 0 _aLasley, John Foster.
_965026
245 _aGenetics of livestock improvement
250 _a2 ed.
260 _aEnglewood Cliffs, N.J. :
_bPrentice-Hall,
_c1972
300 _a429 p.
_b: ilus.
590 _aBATCH-UPD
_b10
_c20130109
_lUCH01
_h2328
590 _aBATCH-UPD
_b10
_c20130110
_lUCH01
_h1158
590 _aBATCH-UPD
_b10
_c20130410
_lUCH01
_h0741
590 _aBATCH-UPD
_b10
_c20130914
_lUCH01
_h1457
590 _aCONVERSION
_b10
_c20130109
_lUCH01
_h1316
650 1 4 _aGanaderĂ­a.
_944604
650 1 4 _aGenética animal.
901 _aBK
942 _cLIBRO
949 _a636.082 L38 1972
_bBC
_cLIBRO
_d33724000270138
_eLIBRO
_h39387
_i33743
_mD
_si
999 _c28660
_d28660